000 00265nam a2200109 a 4500
008 110502s1980|||| d
245 1 0 _aNeues Deutsches Worter- Buch
260 _bVerlag Corvus by
_aBerlín
_c1980
020 _c30
041 _anemecký
044 _aNe
999 _c19284
_d19284